How Many? - Statistics

General Stats
  • This quiz has been taken 35 times
    20 since last reset
  • The average score is 11 of 20
Answer Stats
Hint Explanation Answer % Correct
How many World Wars have there been? common knowledge 2
100%
How many fingers on a human hand? count on your fingers 5
89%
How many Atomic bombs dropped on Japan? Hiroshima and Nagasaki 2
83%
How many colors of the Rainbow Red, Orange, Yellow, Green, Blue, Indigo, and Violet 7
78%
How many Wonders of the Ancient World? only the pyramids remain 7
78%
How many countries start with the letter Q? Qatar 1
72%
How many countries with 1B people? China and India 2
72%
How many countries in the UK? Scotland, Norn Iron, England, Wales 4
72%
How many planets in Solar System? not Pluto 8
72%
How many lives does a cat have according to the saying? in reality, a car can take away all 9 at once. 9
67%
How many countries have "south" in their name? South Sudan, South Korea, South Africa 3
56%
How many "Low Countries" in Europe? Luxembourg, Netherlands, and Belgium 3
50%
How many wives of Henry VIII? Catherine of Aragon, Anne Boleyn, Jane Seymour, Anne of Cleves, Catherine Howard, and Katherine Parr 6
50%
How many Main Islands of Japan? no explanation 4
44%
How many countries have put a man on the moon? USA 1
33%
How many Canadian Territories? not provinces 3
28%
How many National Parks are in Utah? They are known as the mighty 5 5
22%
How many states in Australia? New South Wales, Victoria, Queensland, Western Australia, South Australia, and Tasmania, 6
22%
How many Major Hawaiian Islands? I am not willing to even try to spell them 8
22%
How many in the Fellowship? Frodo, Sam, Pippin, Merry, Aragorn, Boromir, Legolas, Gimli, and Gandalf 9
22%
No matching quizzes found
Score Distribution
Percent of People with Each Score
Percentile by Number Answered
Your Score History
You have not taken this quiz since the last reset